000 00538nam a22001697a 4500
005 20231024124817.0
008 231024b |||||||| |||| 00| 0 eng d
041 _aEnglish / Afrikaans
082 _a347.1 NAT
100 _aNathan CJM and Barnett M
_lEnglish / Afrikaans
245 _aUniform Rules of Court /
_cCJM Nathan and M Barnett
250 _aThird Edition
260 _aCape Town :
_bJuta & Co, Ltd,
_c1984
300 _bxviii, 794 pages ;
_c26 cm.
650 _aLegal Practice
_bLaw
942 _cBK
_6ALISON_BN_VRIES
999 _c26
_d26